Biología : flujo de información y funciones de relación, integración y control :

Guardado en:
Autor Principal: Liberman, Daniela
Formato: Libro
Publicado: Buenos Aires : Sm, 2014
Series:Conecta 2.0
Materias:
Adn
Etiquetas: Agregar Etiqueta
Sin Etiquetas, Sea el primero en etiquetar este registro!
LEADER 01062nam a22002415a 4500
001 CEM.cems014592
005 20150507161351.0
008 130507s2014##################000#0#####d
003 CEMS
020 |a 9789875736948 
082 0 4 |a 574 
100 1 |a Liberman, Daniela 
245 1 0 |a Biología :  |b flujo de información y funciones de relación, integración y control :  |c Daniela Liberman ... y Otros 
260 |a Buenos Aires :  |b Sm,  |c 2014 
300 |a 192 p. 
490 0 |a Conecta 2.0 
505 0 |a Relación y control en los seres vivos -- Estímulo y respuestas en las plantas -- Estímulos y respuestas en los animales -- Estímulos y respuestas en las células -- El control nervioso -- El control endocrino -- Las proteínas, moléculas polifuncionales -- Del ADN a las proteínas -- Biotecnología e ingeniería genética -- Técnicas y herramientas de las ciencias naturales 
653 |a Biología 
653 |a Biotecnología 
653 |a Adn 
653 |a Proteínas 
653 |a Células 
859 |a CEMS  |b BIB. CEMS - 11 de abril  |h 574  |i L615  |p 27157.15  |t Ej.1